000
00273nam a2200109Ia 4500
008
200302s9999 xx 000 0 und d
100
_a
Aditya Prakash & Other
245
_a
Chandigarh the City Beautiful
260
_b
Abhishek Publications
260
_c
1999
300
_a
96 P.,
999
_c
5813
_d
5813